000 00767nam a2200265Ia 4500
003 OSt
005 20220918165648.0
006 a|||||r|||| 00| 0
007 ta
008 220917b |||||||| |||| 00| 0 eng d
020 _a8170232996
024 _a7,305
037 _cTextual
040 _aARTS
_cARTS
_beng
041 _2eng
_aeng
082 _aO152,1x, 111N0
100 _aMisra Vidya Niwas ed
_925053
245 0 _aModern Hindi poetry
_b An anthology
260 _aNew Delhi
_bAllied Pub
_c1990
300 _axxvii,151p
_ccm.
650 _aHINDI POETRY; ENGLISH LITERATURE
_925054
700 _a Nathan Leonard tr
_925055
942 _hO152,1x, 111N0
_cTEXL
_2CC
999 _c130645
_d130645